Denzel Washington Films - sudden death - Statistics

General Stats
  • This quiz has been taken 50 times
  • The average score is 8 of 15
Answers on the Grid
Answers color-coded by a green-red scale on the quiz's grid according to % correct below.
The Great Debaters
Flight
Amsterdam
Safe House
Heat
Jackie Brown
The Adam Project
A Soldier's Story
The Captive
Cry Freedom
Glory
Malcolm X
Ted
Damaged
Afterburn
The Pelican Brief
Crimson Tide
Men of Honour
Sahara
The Shawshank Redemption
The Preacher's Wife
Stalker
The Siege
Fallen
The Hurricane
Whiplash
John Q
Blood Diamond
Unstoppable
Amistad
 
Answer Stats
Answer % Correct
Malcolm X
86%
Flight
84%
Glory
63%
The Pelican Brief
63%
John Q
60%
The Hurricane
60%
Crimson Tide
58%
Safe House
51%
Unstoppable
44%
The Great Debaters
42%
Cry Freedom
40%
The Siege
37%
The Preacher's Wife
33%
Fallen
28%
A Soldier's Story
26%
No matching quizzes found
Score Distribution
Percent of People with Each Score
Percentile by Number Answered
Your Score History
You have not taken this quiz